| 000 | 00376nam a22001217a 4500 | ||
|---|---|---|---|
| 020 | _a9781639870363 | ||
| 040 | _cNust iese | ||
| 082 |
_a363.739 _bDaw |
||
| 245 |
_aAir Quality , Assessment and Management _bAir Quality , Assessment and Management |
||
| 260 |
_aNew york city USA _bMurphy & Moore Publishing _c2022 |
||
| 300 | _a239 | ||
| 942 |
_2ddc _cBK _k363.739 DAW _m363.739 DAW |
||
| 999 |
_c594566 _d594566 |
||